000 00735nam a2200253Ia 4500
003 OSt
005 20220926015101.0
006 a|||||r|||| 00| 0
007 ta
008 220923b |||||||| |||| 00| 0 eng d
037 _cGeneral Book
040 _aRTL
_cRTL
_beng
041 _2eng
_aeng
082 _aB377, M3
100 _aSrivastava M S
_9321553
245 0 _aIntroduction to applied multivariate statistics
260 _aNew York
_bNorth-Holland
_c1983
300 _aix,394p
_ccm.
500 _aBibliography: P 375-386; Appendix chapterwise
650 _aReal Variable
700 _a Carter E M
_9321554
942 _hB377, M3
_cGB
_2CC
999 _c630498
_d630498